000
00334nam a2200145Ia 4500
008
230718s9999 xx 000 0 und d
041
_a
Eng.
082
_a
34254
_b
REH-G
100
_a
Rehman Raiz Abdul
245
0
_a
General election law
260
_a
Pakistan
_b
Punjab law book
_c
"
300
_a
397
650
_a
Law
999
_c
28133
_d
28133